Statistics for Countries which share border with Montenegro

Click here to take the quiz!

General Stats

  • This quiz has been taken 118 times
  • The average score is 5 of 5

Answer Stats

Country% Correct
Albania
99%
Bosnia and Herzegovina
98%
Kosovo
98%
Croatia
97%
Serbia
97%

Score Distribution

Percentile by Number Answered

Percent of People with Each Score

Your Score History

You have not taken this quiz